000
00300nam a22001337a 4500
020
_a
0-07-113768-8
041
_a
ENG
100
_a
Winch .R.G
245
_a
Telecommunication Transmission Systems
260
_a
Delhi
_b
McGraw-Hill
_c
1998
300
_a
540
650
_a
EOES
856
_u
EOES ( 14 )
999
_c
1116
_d
1116